De la régularisation des travaux de géologie, de l'association des études de géologie, d'hydrologie et de météorologie, et de l'institution d'un relevé topographique et physique du territoire uniformément détaillé à l'échelle cadastrale de 10,000e, / (Record no. 31172)

MARC details
000 -LEADER
campo de control de longitud fija 00816nam a2200181 i 4500
001 - NÚMERO DE CONTROL
campo de control 31172
003 - IDENTIFICADOR DE NÚMERO DE CONTROL
campo de control ES-MaACL
005 - FECHA Y HORA DE LA ÚLTIMA TRANSACCIÓN
campo de control 20250815110833.0
007 - CAMPO FIJO DE DESCRIPCIÓN FÍSICA--INFORMACIÓN GENERAL
campo de control de longitud fija t|
008 - DATOS DE LONGITUD FIJA--INFORMACIÓN GENERAL
campo de control de longitud fija 030128s1875 fr ||||1| fre d
100 1# - ENTRADA PRINCIPAL--NOMBRE DE PERSONA
Nombre de persona Beguyer de Chancourtois, Alexandre-Emile.
9 (RLIN) 27043
245 10 - MENCIÓN DEL TÍTULO
Título De la régularisation des travaux de géologie, de l'association des études de géologie, d'hydrologie et de météorologie, et de l'institution d'un relevé topographique et physique du territoire uniformément détaillé à l'échelle cadastrale de 10,000e, /
Mención de responsabilidad, etc. par M. A.-E. Béguyer de Chancourtois.
260 ## - PUBLICACIÓN, DISTRIBUCIÓN, ETC.
Lugar de publicación, distribución, etc. Paris :
Nombre del editor, distribuidor, etc. [s.n.],
Fecha de publicación, distribución, etc. 1875.
300 ## - DESCRIPCIÓN FÍSICA
Extensión VI, 24 p., [1] h. pleg. ;
Dimensiones 23 cm.
650 07 - PUNTO DE ACCESO ADICIONAL DE MATERIA--TÉRMINO DE MATERIA
Término de materia o nombre geográfico como elemento de entrada Geología
Fuente del encabezamiento o término embne
9 (RLIN) 13086
852 ## - LOCALIZACIÓN
Ubicación ES-MaACL
Número de control de estantería T-907-F-8
Nota libre .- Legado Botella de Hornos
Holdings
Estatus retirado Estado de pérdida Estado de daño No para préstamo Colección Biblioteca de origen Biblioteca actual Ubicación en estantería Fecha de adquisición Fuente de adquisición Total de préstamos Signatura topográfica completa Código de barras Visto por última vez Precio de reemplazo Tipo de ítem Koha
        Colección de folletos Biblioteca del Ateneo de Madrid Biblioteca del Ateneo de Madrid Depósito folletos 17/01/2008     T-907-F-8 1032203 23/02/2023 23/02/2023 Folleto